Pablo Neruda y su presencia en Santo Domingo : (Registro nro. 13554)

Detalles MARC
000 -LIDER
fixed length control field 03395nam a2200373 a 4500
001 - NÚMERO DE CONTROL
Identificador de número de control 000015411
003 - IDENTIFICACDOR DE NÚMERO DE CONTROL
control field DO-SdBNP
005 - DATE AND TIME OF LATEST TRANSACTION
control field 20210602133947.0
008 - ELEMENTOS DE LONGITUD FIJA
fixed length control field 100208t2004 dr 001 edspa d
020 ## - ISBN
International Standard Book Number 9993442216
040 ## - FUENTE DE CATALOGACIÓN
Agencia que crea de manera original el registro BPMSU
Idioma de catalogación spa
Agencia que realiza la transcripción BPMSU
082 ## - NÚMERO DE CLASIFICACIÓN DECIMAL DE DEWEY
Classification number Ch861.4409
Item number N454P
Edition number 22
245 00 - MENCIÓN DE TITULO
Título Pablo Neruda y su presencia en Santo Domingo :
Subtítulo ponencias de un encuentro inolvidable /
Mención de responsabilidad selección y prólogo Mateo Morrison ; presentación Carlos Esteban Deive ; edición Andrés Blanco Díaz.
260 ## - PUBLICACIÓN, DISTRIBUCIÓN, ETC. (PIE DE IMPRENTA)
Lugar de publicación, distribución, etc Santo Domingo :
Nombre del editor, distribuidor, etc. Dirección General de la Feria del Libro,
Fecha de publicación, distribución, etc 2004.
300 ## - DESCRIPCIÓN FÍSICA
Extensión 258 p. ;
Dimensiones 23 cm.
490 0# - MENCIÓN DE SERIES
Mención de serie Ferilibro
Volume/sequential designation 57
500 ## - NOTA GENERAL
Nota general Ponencias presentadas en el Seminario Internacional de Escritores sobre Pablo Neruda, celebrada en Santo Domingo, UASD, 1981.
500 ## - NOTA GENERAL
Nota general Feria dedicada al poeta chileno Pablo Neruda
500 ## - NOTA GENERAL
Nota general Incluyere bibliografía y notas al pie de páginas.
505 0# - NOTA DE CONTENIDO
Información miscelánea Presentación /
Mención de responsabilidad Carlos Esteban Deive --
Información miscelánea Prólogo /
Mención de responsabilidad Mateo Morrison --
Información miscelánea I Parte :
Título Ideología y literatura, alcance y límite del compromiso /
Mención de responsabilidad Roberto Sosa (Honduras) --
Título Neruda y la identidad americana /
Mención de responsabilidad Andrés Bansart (Chile) --
Título Notas para un texto futuro /
Mención de responsabilidad Cecilia Vicuña (Chile) --
Título Compromiso y testimonio del entorno en la poesía de Pablo Neruda /
Mención de responsabilidad Max Efraín Pérez (Bolivia) --
Título Pablo Neruda en mis recuerdos (Apuntes sobre el libro Confieso que he vivido) /
Mención de responsabilidad Rogelio Sinán (Panamá) --
Título Pablo Neruda en el vivo recuerdo: De Residencia en la Tierra a España en el corazón /
Mención de responsabilidad Alberto Baeza Flores (Chile) --
Título El papel del intelectual hoy en América Latina /
Mención de responsabilidad Juan Carmelo García (España) --
Título El furor múltiple del verso nerudiano irradiado desde Veinte poemas de amor y una canción desesperada /
Mención de responsabilidad Carlos Marcelo Constanzo (Argentina) --
Título Los chancros en las visiones de un dios (Santa Teresa, Sade, Artaud) /
Mención de responsabilidad Iván Silen (Puerto Rico) --
Título La sed de amor en Pablo Neruda /
Mención de responsabilidad Edna Coli (Puerto Rico) --
Título Neruda y su visión de Quevedo como una poética de la libertad /
Mención de responsabilidad Roberto Juarroz (Argentina) --
Información miscelánea II Parte :
Título Fundamentos de la producción textual /
Mención de responsabilidad Bruno Rosario Candelier (República Dominicana) --
Título Mito y unidad américana en el Canto general de Pablo Neruda /
Mención de responsabilidad Manuel A. Matos Moquete (República Dominicana) --
Título La poesía de Neruda: un arma para la lucha de los pueblos /
Mención de responsabilidad Abelardo Vicioso (República Dominicana) --
Título Neruda: testimonio del poeta y su poesía /
Mención de responsabilidad Manuel Mora Serrano (República Dominicana) --
Título Imágenes de la chilenidad en Pablo Neruda /
Mención de responsabilidad Manuel Rueda (República Dominicana) --
Título Ideología de la diferencia en la escritura latinoamericana /
Mención de responsabilidad Enrique Eusebio (República Dominicana) --
Título El tratamiento de la mujer en la poética de Pablo Neruda /
Mención de responsabilidad Emelda Ramos (República Dominicana).
586 ## - AWARDS NOTE
Awards note Premio Nobel de Literatura
590 ## - NOTA LOCAL
Texto de la nota local Inventariado, 2021/VM
600 14 - ENCABEZAMIENTO DE MATERIA--NOMBRE PERSONAL
Nombre personal Neruda, Pablo
Fechas asociadas con el nombre 1904-1973
Subdivisión temática general Ensayos, conferencias, etc.
600 14 - ENCABEZAMIENTO DE MATERIA--NOMBRE PERSONAL
Nombre personal Neruda, Pablo
Fechas asociadas con el nombre 1904-1973
Subdivisión temática general Crítica e interpretación
650 #4 - ENCABEZAMIENTO DE MATERIA--TEMÁTICO
Término temático o nombre geográfico como elemento de entrada Literatura chilena
Subdivisión temática general Historia y crítica
650 #4 - ENCABEZAMIENTO DE MATERIA--TEMÁTICO
Término temático o nombre geográfico como elemento de entrada Poetas chilenos
Subdivisión temática general Crítica e interpretación
650 #4 - ENCABEZAMIENTO DE MATERIA--TEMÁTICO
Término temático o nombre geográfico como elemento de entrada Autores en literatura
700 1# - ASIENTO SECUNDARIO -- NOMBRE PERSONAL
Nombre personal Morrison, Mateo,
Fechas asociadas con el nombre 1947-
Mención de responsabilidad comp.
700 1# - ASIENTO SECUNDARIO -- NOMBRE PERSONAL
Nombre personal Blanco Díaz, Andrés
Mención de responsabilidad ed.
700 1# - ASIENTO SECUNDARIO -- NOMBRE PERSONAL
Nombre personal Deive, Carlos Esteban,
Fechas asociadas con el nombre 1935-
711 2# - ASIENTO SECUNDARIO -- NOMBRE DE REUNIÓN
Nombre de reunión o jurisdicción como elemento de entrada Feria Internacional del Libro
Número de la parte, sección o reunión (7a :
Fecha de la reunión o acuerdo 2004 :
Lugar de la reunión Santo Domingo)
Medio (Designación general de material)
910 ## - VALIDACIÓN
Validación VMateo
942 ## - ADDED ENTRY ELEMENTS (KOHA)
Source of classification or shelving scheme Dewey Decimal Classification
Koha item type Libros
Existencias
Withdrawn status Lost status Source of classification or shelving scheme Damaged status Not for loan Collection code Home library Current library Date acquired Source of acquisition Full call number Barcode Date last seen Price effective from Koha item type
    Dewey Decimal Classification     Colección Dominicana Biblioteca Pública Metropolitana Salomé Ureña Biblioteca Pública Metropolitana Salomé Ureña 06/02/2021 Espacio Culturales BPMSU CD Ch861.4409 N454P 2004 BPMSU21060016 06/02/2021 06/02/2021 Libros